00520nam a2200193 a 4500001001300000003000900013005001700022008004100039020000900080082001700089100001700106245005000123260004200173300000900215500003500224505001600259650003400275700001700309nice12345678IN_TiNIC20260116011745.0050524s1974 dela grp 000 0 eng  ac4500a954.023bHAL aHalim, Abdul aHistory of the Lodi Sultans of Delhi and Agra aDelhibIdara-I-Adabiyat-I-Dillic1974 a298p aincludes index and biblioraphy2 aIndex, XXIX aIndia-History Delhi Sultanate1 aHalim, Abdul